Fundamentals of astrodynamics and applications (Record no. 14465)

MARC details
000 -LEADER
fixed length control field 00584nam a2200205Ia 4500
003 - CONTROL NUMBER IDENTIFIER
control field IN-BaIIA
008 - FIXED-LENGTH DATA ELEMENTS--GENERAL INFORMATION
fixed length control field 211028s9999 xx 000 0 eng d
020 ## - INTERNATIONAL STANDARD BOOK NUMBER
International Standard Book Number 0-7923-6903-3
040 ## - CATALOGING SOURCE
Transcribing agency IIA Library
080 ## - UNIVERSAL DECIMAL CLASSIFICATION NUMBER
Universal Decimal Classification number 521.1
Item number VAL
100 ## - MAIN ENTRY--PERSONAL NAME
Personal name David A. Vallado
9 (RLIN) 25692
245 #0 - TITLE STATEMENT
Title Fundamentals of astrodynamics and applications
Statement of responsibility, etc. David A. Vallado
250 ## - EDITION STATEMENT
Edition statement 2nd ed.
260 ## - PUBLICATION, DISTRIBUTION, ETC.
Place of publication, distribution, etc. Dordrecht
Name of publisher, distributor, etc. Kluwer Academic
Date of publication, distribution, etc. 2001
300 ## - PHYSICAL DESCRIPTION
Extent xxi, 958p.
490 ## - SERIES STATEMENT
Series statement The space technology library
650 ## - SUBJECT ADDED ENTRY--TOPICAL TERM
Topical term or geographic name entry element Astrodynamics
9 (RLIN) 1258
650 ## - SUBJECT ADDED ENTRY--TOPICAL TERM
Topical term or geographic name entry element Mathematical fundamentals
9 (RLIN) 25693
942 ## - ADDED ENTRY ELEMENTS (KOHA)
Koha item type Books
Holdings
Withdrawn status Lost status Damaged status Not for loan Home library Current library Shelving location Date acquired Source of acquisition Cost, normal purchase price Total Checkouts Total Renewals Full call number Barcode Date last seen Date last checked out Cost, replacement price Price effective from Koha item type Purchase Price
        IIA Library-Bangalore IIA Library-Bangalore General Stacks 05/02/2002 EDS 8072.00 1 1 521.1/ VAL 15387 14/10/2024 14/10/2024 8072.00 05/02/2002 Books Rs. 8072.00

Powered by Koha